000 00546nam a2200205Ia 4500
005 20260429112103.0
008 260429s9999||||xx |||||||||||||| ||und||
020 _a9788126937400
041 _aEnglish
082 _a901
_bCHI
100 _aChilde, Vere Gordon
245 0 _aWhat happened in history /
_cVere Gordon Childe
250 _a1st ed.
260 _aNew Delhi :
_bAtlantic Publishers and Distributors,
_c2025.
300 _aiii, 268 p.; hb
650 _a Archaeology
650 _a barbarism
650 _aHistory
942 _cTB
999 _c52280
_d52280